<?xml version="1.0" encoding="UTF-8"?>
<record
    xmlns:xsi="http://www.w3.org/2001/XMLSchema-instance"
    xsi:schemaLocation="http://www.loc.gov/MARC21/slim http://www.loc.gov/standards/marcxml/schema/MARC21slim.xsd"
    xmlns="http://www.loc.gov/MARC21/slim">

  <leader>02171nam a2200229Ia 4500</leader>
  <controlfield tag="003">OSt</controlfield>
  <controlfield tag="005">20241109105010.0</controlfield>
  <controlfield tag="008">210210b1990   xxu||||| |||| 00| 0 eng d</controlfield>
  <datafield tag="040" ind1=" " ind2=" ">
    <subfield code="c">AL</subfield>
  </datafield>
  <datafield tag="041" ind1=" " ind2=" ">
    <subfield code="a">Kannada</subfield>
  </datafield>
  <datafield tag="082" ind1=" " ind2=" ">
    <subfield code="a">K894.9 SAND</subfield>
  </datafield>
  <datafield tag="100" ind1=" " ind2=" ">
    <subfield code="a">SANTOSHKUMARA GULVADI. Ed</subfield>
    <subfield code="d">&#xCB8;&#xC82;&#xCA4;&#xCCB;&#xCB7;&#xC95;&#xCC1;&#xCAE;&#xCBE;&#xCB0; &#xC97;&#xCC1;&#xCB2;&#xCCD;&#xCB5;&#xCBE;&#xCA1;&#xCBF;.</subfield>
    <subfield code="9">182344</subfield>
  </datafield>
  <datafield tag="245" ind1=" " ind2=" ">
    <subfield code="a">Dakshina Kannada jilleya balasahityada modaligaru</subfield>
    <subfield code="b">&#xCA6;&#xC95;&#xCCD;&#xCB7;&#xCBF;&#xCA3; &#xC95;&#xCA8;&#xCCD;&#xCA8;&#xCA1; &#xC9C;&#xCBF;&#xCB2;&#xCCD;&#xCB2;&#xCC6;&#xCAF; &#xCAC;&#xCBE;&#xCB2;&#xCB8;&#xCBE;&#xCB9;&#xCBF;&#xCA4;&#xCCD;&#xCAF;&#xCA6; &#xCAE;&#xCCA;&#xCA6;&#xCB2;&#xCBF;&#xC97;&#xCB0;&#xCC1; </subfield>
  </datafield>
  <datafield tag="260" ind1=" " ind2=" ">
    <subfield code="a">Ujire</subfield>
    <subfield code="b">Gulvadi Venkatarav Smaraka Kendra</subfield>
    <subfield code="c">1990</subfield>
  </datafield>
  <datafield tag="300" ind1=" " ind2=" ">
    <subfield code="a">xvii,94</subfield>
  </datafield>
  <datafield tag="520" ind1=" " ind2=" ">
    <subfield code="a">&#xCAA;&#xC82;&#xC9C;&#xCC6; &#xCAE;&#xC82;&#xC97;&#xCC7;&#xCB6;&#xCB0;&#xCBE;&#xCAF;&#xCB0;&#xCC1; (1874-1937), &#xCA4;&#xCCB;&#xCA8;&#xCCD;&#xCB8;&#xCC6; &#xCAE;&#xC82;&#xC97;&#xCC7;&#xCB6;&#xCB0;&#xCBE;&#xCAF;&#xCB0;&#xCC1;(1877-1940), &#xC89;&#xCB3;&#xCCD;&#xCB3;&#xCBE;&#xCB2; &#xCAE;&#xC82;&#xC97;&#xCC7;&#xCB6;&#xCB0;&#xCBE;&#xCAF;&#xCB0;&#xCC1; (1879-1942), &#xC8E;&#xC82; &#xC8E;&#xCA8;&#xCCD; &#xC95;&#xCBE;&#xCAE;&#xCA4;&#xCCD;1883-1941), &#xCAE;&#xC82;&#xC9C;&#xCC7;&#xCB6;&#xCCD;&#xCB5;&#xCB0; &#xC85;&#xCA8;&#xC82;&#xCA4; &#xCB0;&#xCBE;&#xCAF;&#xCB0;&#xCC1;(1889-1940), &#xC89;&#xC97;&#xCCD;&#xCB0;&#xCBE;&#xCA3; &#xCAE;&#xC82;&#xC97;&#xCC7;&#xCB6;&#xCB0;&#xCBE;&#xCAF;&#xCB0;&#xCC1;1893-1973), &#xC95;&#xCCA;&#xCB0;&#xCA1;&#xCCD;&#xC95;&#xCB2;&#xCCD; &#xCB6;&#xCCD;&#xCB0;&#xCC0;&#xCA8;&#xCBF;&#xCB5;&#xCBE;&#xCB8; &#xCB0;&#xCBE;&#xCB5;&#xCCD;1895-1949), &#xCAE;&#xC9A;&#xCCD;&#xC9A;&#xCBF;&#xCAE;&#xCB2;&#xCC6; &#xCB6;&#xC82;&#xC95;&#xCB0;&#xCA8;&#xCBE;&#xCB0;&#xCBE;&#xCAF;&#xCA3; &#xCB0;&#xCBE;&#xCB5;&#xCCD;1901-1963), &#xCAC;&#xCC7;&#xC95;&#xCB2; &#xCB0;&#xCBE;&#xCAE;&#xCA8;&#xCBE;&#xCAF;&#xC95;&#xCB0;&#xCC1;1902-1969), &#xC95;&#xCCA;&#xCB3;&#xC82;&#xCAC;&#xCC6; &#xCAA;&#xCC1;&#xC9F;&#xCCD;&#xC9F;&#xCA3;&#xCCD;&#xCA3; &#xC97;&#xCCC;&#xCA1;&#xCB0;&#xCC1;1903-1981), &#xC9C;&#xCBF; &#xC8E;&#xCA8;&#xCCD; &#xCB2;&#xC95;&#xCCD;&#xCB7;&#xCCD;&#xCAE;&#xCA3; &#xCAA;&#xCC8;(1904-1975), &#xCA6;&#xCBE;&#xCAE;&#xCCB;&#xCA6;&#xCB0; &#xCAC;&#xCBE;&#xCB3;&#xCBF;&#xC97;&#xCBE;(1908-1985), &#xCB9;&#xCCA;&#xCA8;&#xCCD;&#xCA8;&#xCAF;&#xCCD;&#xCAF; &#xCB6;&#xCC6;&#xC9F;&#xCCD;&#xC9F;&#xCB0;&#xCC1;(1909-1974), "&#xCA6;&#xCCA;&#xCA1;&#xCCD;&#xCA1;&#xCA3;&#xCCD;&#xCA3;" &#xC95;&#xCC6;&#xCAE;&#xCCD;&#xCAE;&#xCBF;&#xC82;&#xC9C;&#xCC6; &#xCB8;&#xCC1;&#xCAC;&#xCCD;&#xCB0;&#xCBE;&#xCAF; &#xCAA;&#xCBE;&#xCA7;&#xCCD;&#xCAF;&#xCBE;&#xCAF;(1911-1979), &#xCAC;&#xCBF; &#xCB0;&#xCBE;&#xCAE; &#xC9A;&#xC82;&#xCA6;&#xCCD;&#xCB0; &#xCAD;&#xC9F;&#xCCD; &#xCAE;&#xCC1;&#xC82;&#xCA1;&#xCBE;&#xC9C;&#xCC6;(1914-1989), &#xCAA;&#xCA6;&#xCCD;&#xCAE; &#xCA8;&#xCBE;&#xCAD; &#xCB8;&#xCCB;&#xCAE;&#xCAF;&#xCBE;&#xC9C;&#xCBF; (1917-1977)</subfield>
  </datafield>
  <datafield tag="521" ind1=" " ind2=" ">
    <subfield code="a">panje Manjesharayaru, tonse Mangesharayaru, ullala Mangesharayaru, M N Kamath, Manjeshwara Anantarayaru, Ugrana Mangesharayaru, Koradkal Srinivasa Rao, Machhimale Srinivasa Rao, Bekala Ramanayakaru, Kolambe Puttanna Gowdaru, G N Laxman Pai, Damodhara Baliga, Honnayya Shettaru, kemminje Subrayapadhyaya, B Ramachandra Bhat Mundaje, Padmanabha Somayaji</subfield>
  </datafield>
  <datafield tag="650" ind1=" " ind2=" ">
    <subfield code="a">South Kanara /South Canara</subfield>
    <subfield code="9">183356</subfield>
  </datafield>
  <datafield tag="690" ind1=" " ind2=" ">
    <subfield code="a">Kannada Criticism</subfield>
    <subfield code="9">182350</subfield>
  </datafield>
  <datafield tag="906" ind1=" " ind2=" ">
    <subfield code="a">045388</subfield>
  </datafield>
  <datafield tag="942" ind1=" " ind2=" ">
    <subfield code="2">ddc</subfield>
    <subfield code="c">BK</subfield>
  </datafield>
  <datafield tag="999" ind1=" " ind2=" ">
    <subfield code="c">95068</subfield>
    <subfield code="d">95068</subfield>
  </datafield>
  <datafield tag="952" ind1=" " ind2=" ">
    <subfield code="0">0</subfield>
    <subfield code="1">0</subfield>
    <subfield code="2">ddc</subfield>
    <subfield code="4">0</subfield>
    <subfield code="7">4</subfield>
    <subfield code="8">KAN</subfield>
    <subfield code="a">AL</subfield>
    <subfield code="b">AL</subfield>
    <subfield code="d">2021-02-17</subfield>
    <subfield code="g">40.00</subfield>
    <subfield code="l">0</subfield>
    <subfield code="o">K894.9 SAND</subfield>
    <subfield code="p">045388</subfield>
    <subfield code="r">2021-02-17 00:00:00</subfield>
    <subfield code="w">2021-02-17</subfield>
    <subfield code="y">BK</subfield>
  </datafield>
</record>
